| 000 | 00912nam a2200253 a 4500 | ||
|---|---|---|---|
| 001 | 000016483 | ||
| 003 | DO-SdBNP | ||
| 005 | 20231115082503.0 | ||
| 008 | 100305s1988 dr 001 0 spa d | ||
| 040 |
_aDO-SdBNP _bspa _cBNPHU |
||
| 082 | 4 |
_a370.97293 _bD542s _222 |
|
| 100 | 1 |
_aDíaz Santana, Míriam _99620 |
|
| 245 | 1 | 0 |
_aSituación socioeconómica y formación del magisterio en Santo Domingo / _cMíriam Díaz Santana. |
| 260 |
_aSanto Domingo : _bTaller, _c1988. |
||
| 300 |
_a65 p. : _bil. ; _c23 cm. |
||
| 490 | 0 | _aEstudios económico-sociales | |
| 504 | _aBibliografía : p. 55-56 | ||
| 590 | _aInventariado, 2018/VM | ||
| 650 | 4 |
_aMaestros _zRepública Dominicana _xCondiciones sociales _936710 |
|
| 650 | 4 |
_aMaestros _zRepública Dominicana _xCondiciones económicas _936711 |
|
| 650 | 4 |
_aEducación _xAspectos económicos _936712 |
|
| 910 | _aValidado. Control de calidad MFF | ||
| 942 |
_2ddc _cLBS1 |
||
| 999 |
_c16018 _d16018 |
||